Wybory Prezydenckie 2025 - Statystyki

Ogólne statystyki
  • Ten quiz został rozwiązany 54 razy
  • Średni wynik to 12 z 13
Statystyki odpowiedzi
Miejsce Kandydat Poparcie w I turze Poparcie w II turze % Poprawnych
2 Karol Nawrocki 29,54 % 50,89 %
100%
1 Rafał Trzaskowski 31,36 % 49,11 %
100%
9 Joanna Senyszyn 1,09 % -
98%
3 Sławomir Mentzen 14,81 % -
98%
4 Grzegorz Braun 6,34 % -
95%
7 Magdalena Biejat 4,23 % -
95%
5 Szymon Hołownia 4,99 % -
90%
6 Adrian Zandberg 4,86 % -
88%
8 Krzysztof Stanowski 1,24 % -
88%
12 Maciej Maciak 0,19 % -
86%
10 Marek Jakubiak 0,77 % -
81%
13 Marek Woch 0,09 % -
81%
11 Artur Bartoszewicz 0,49 % -
71%
Nie znaleziono quizów pasujących do podanych kryteriów
Rozkład punktacji
Procent ludzi z każdym wynikiem
Percentyl według liczby udzielonych odpowiedzi
Twoja historia wyników
Nie rozwiązałeś tego quizu